Detalles MARC
| 000 -LIDER |
| fixed length control field |
02518nam a2200325 a 4500 |
| 001 - NÚMERO DE CONTROL |
| Identificador de número de control |
000015398 |
| 003 - IDENTIFICACDOR DE NÚMERO DE CONTROL |
| control field |
DO-SdBNP |
| 005 - DATE AND TIME OF LATEST TRANSACTION |
| control field |
20210505121653.0 |
| 007 - CAMPOS FIJOS DE DESCRIPCIÓN FÍSICA |
| fixed length control field |
000015398 |
| 008 - ELEMENTOS DE LONGITUD FIJA |
| fixed length control field |
100208s2003 dr c 000 0 spa d |
| 020 ## - ISBN |
| International Standard Book Number |
9993427039 |
| 040 ## - FUENTE DE CATALOGACIÓN |
| Agencia que crea de manera original el registro |
BPMSU |
| Idioma de catalogación |
spa |
| Agencia que realiza la transcripción |
BPMSU |
| 082 ## - NÚMERO DE CLASIFICACIÓN DECIMAL DE DEWEY |
| Edition number |
|
| Classification number |
972.93053 |
| Item number |
D559u |
| 092 ## - LOCALLY ASSIGNED DEWEY DECIMAL CALL NUMBER |
| Número de clasificación |
|
| 100 1# - ASIENTO PRINCIPAL -- NOMBRE PERSONAL |
| Nombre personal |
Diederich, Bernard |
| Fechas asociadas con el nombre |
1926 - |
| 245 10 - MENCIÓN DE TITULO |
| Título |
Una cámara testigo de la historia : |
| Subtítulo |
el recorrido dominicano de un cronista extranjero 1951-1966 / |
| Mención de responsabilidad |
Bernard Diederich ; introducción Bernardo Vega. |
| 260 ## - PUBLICACIÓN, DISTRIBUCIÓN, ETC. (PIE DE IMPRENTA) |
| Lugar de publicación, distribución, etc |
Santo Domingo : |
| Nombre del editor, distribuidor, etc. |
Fundación Global y Desarrollo: |
| -- |
Fundación Cultural Dominicana, |
| Fecha de publicación, distribución, etc |
2003. |
| 300 ## - DESCRIPCIÓN FÍSICA |
| Extensión |
268 p. : |
| Otros detalles físicos |
il. ; |
| Dimensiones |
31 cm. |
| 500 ## - NOTA GENERAL |
| Nota general |
Incluye índices |
| 504 ## - NOTA DE BIBLIOGRAFÍA, ETC. |
| Bibliography, etc |
Incluye referencias bibliográficas (p. 249-256) |
| 505 1# - NOTA DE CONTENIDO |
| Título |
Patrocinadores -- |
| -- |
Introducción Diesiséis años de historia dominicana a través del lente de Bernard Diederich (1951-1966) |
| Mención de responsabilidad |
Bernardo Vega -- |
| Título |
El por qué de andar con una cámara / |
| Mención de responsabilidad |
Bernard Diederich -- |
| Título |
¿Quién es Bernard Diederich? Breve biografía y colección de fotos de sus "etapas" y corresponsalías -- |
| -- |
Primer Contacto con la República Dominicana. 1951-1961 -- 1951: El abrazo armado de Rafael L. Trujillo y Paul E. Magloire -- 1958: Duvalier y Trujillo -- 1960: Febrero. represión en Ciudad Trujillo -- Castigo continuo -- Un "accidente" en la carretera -- 1961: La muerte del dictador -- |
| -- |
Los partidos de oposición y la lucha contra Ramfis y Balaguer |
| -- |
Breve ensayo de democracia Febrero-Septiembre 1963 -- Despues del golpe de Estado de 1963 -- |
| -- |
A las puertas de una Guerra Civil 1963-1965 -- Incidente trágico frente al palacio -- |
| -- |
La guerra de Abril y la intervención militar norteamericana. Abril 1965-Septiembre 1966 -- Dos Gobiernos: una ciudad dividida y alambrada -- Uno de tantos -- 1966 -- |
| -- |
Los interventores se van |
| -- |
Epílogo a manera de dedicatoria "no pictures, please", Bernard Diederich (2001) -- |
| -- |
Cronología o marco histórico de la etapa cubierta en esta obra (1951-1966) -- |
| -- |
Bibliografía General -- |
| -- |
Índice Onomástico. |
| 651 #4 - ENCABEZAMIENTO DE MATERIA--NOMBRE GEOGRÁFICO |
| Nombre geográfico |
República Dominicana |
| Subdivisión temática general |
Historia |
| Subdivisión cronológica |
Era de Trujillo, 1930-1961 |
| Subdivisión temática general |
Fotografías |
| 651 #4 - ENCABEZAMIENTO DE MATERIA--NOMBRE GEOGRÁFICO |
| Nombre geográfico |
República Dominicana |
| Subdivisión temática general |
Historia |
| Subdivisión cronológica |
1961-1965 |
| Subdivisión temática general |
Fotografía |
| 651 #4 - ENCABEZAMIENTO DE MATERIA--NOMBRE GEOGRÁFICO |
| Nombre geográfico |
República Dominicana |
| Subdivisión temática general |
Historia |
| Subdivisión cronológica |
Ocupación Norteamericana, 1965-1966 |
| Subdivisión temática general |
Fotografías |
| 700 1# - ASIENTO SECUNDARIO -- NOMBRE PERSONAL |
| Nombre personal |
Vega, Bernardo |
| 910 ## - VALIDACIÓN |
| Validación |
VMateo /Validado. Control de calidad BNPHU |
| 942 ## - ADDED ENTRY ELEMENTS (KOHA) |
| Source of classification or shelving scheme |
Dewey Decimal Classification |
| Koha item type |
Libros |
| 945 ## - INFORMACIÓN DE PROCESAMIENTO LOCAL |
| Información de procesamiento local |
Inventariado / 2017 VM |
| 956 ## - LOCAL ELECTRONIC LOCATION AND ACCESS (OCLC) |
| Nombre de host |
VMATEO |
| Número de acceso |
10 |
| Información de compresión |
20150511 |
| Inicio de sesión |
BPMSU |
| Procesador de solicitud |
00151 |